Rzymskie prawo prywatne /

Uložené v:
Podrobná bibliografia
Hlavný autor: Taubenschlag, Rafał
Médium: Kniha
Jazyk:Polish
Vydané: Warszawa : Państwowe Wydawnictwo Naukowe, 1955.
Vydanie:1. wyd.
ISBN: (viaz.)
Fyzický popis: 327 s. ; 24 cm.
Tagy: Pridať tag
Žiadne tagy, Buďte prvý kto otaguje tento záznam!

MARC

LEADER 00000nam a22000002a 4500
001 000469613
005 20150516113605.0
008 140925s1955 pl e 000 0 pol d
020 |a (viaz.) 
040 |a SVKKK  |b slo  |c SVKKK  |e AACR2 
041 0 |a pol 
044 |a pl  |c PL 
100 1 |a Taubenschlag, Rafał 
245 1 0 |a Rzymskie prawo prywatne /  |c R. Taubenschlag. 
250 |a 1. wyd. 
260 |a Warszawa :  |b Państwowe Wydawnictwo Naukowe,  |c 1955. 
300 |a 327 s. ;  |c 24 cm. 
910 |a svkkk 
998 |a BK 
090 |g SCKHL  |k Sklad Pribinova 1. posch.  |a IV.20947  |j 187032  |i 469613-10  |s Prezenčne